Statistics for Five Major North American Pro League's Teams

Click here to take the quiz!

General Stats

  • This quiz has been taken 17 times
  • The average score is 91 of 153

Answer Stats

Answer% Correct
Miami Dolphins
100%
New England Patriots
93%
Arizona Cardinals
86%
Atlanta Braves
86%
Atlanta Falcons
86%
Carolina Panthers
86%
Chicago Bulls
86%
Cincinnati Reds
86%
Dallas Cowboys
86%
Florida Panthers
86%
Jacksonville Jaguars
86%
Kansas City Chiefs
86%
Miami Heat
86%
New Orleans Saints
86%
New York Jets
86%
Oakland Athletics
86%
St. Louis Cardinals
86%
Washington Commanders
86%
Winnipeg Jets
86%
Baltimore Orioles
79%
Baltimore Ravens
79%
Boston Celtics
79%
Boston Red Sox
79%
Brooklyn Nets
79%
Buffalo Bills
79%
Chicago Bears
79%
Cleveland Browns
79%
Denver Broncos
79%
Detroit Lions
79%
Green Bay Packers
79%
Houston Texans
79%
Los Angeles Dodgers
79%
Los Angeles Kings
79%
New York Mets
79%
New York Yankees
79%
Philadelphia 76ers
79%
Philadelphia Eagles
79%
Sacramento Kings
79%
San Francisco 49ers
79%
Washington Wizards
79%
Arizona Diamondbacks
71%
Chicago Cubs
71%
Chicago White Sox
71%
Cincinnati Bengals
71%
Cleveland Cavaliers
71%
Dallas Stars
71%
Denver Nuggets
71%
Detroit Pistons
71%
Golden State Warriors
71%
Las Vegas Raiders
71%
Los Angeles Rams
71%
Memphis Grizzlies
71%
New York Giants
71%
New York Rangers
71%
Pittsburgh Penguins
71%
Pittsburgh Pirates
71%
San Francisco Giants
71%
Seattle Kraken
71%
Tampa Bay Buccaneers
71%
Texas Rangers
71%
Washington Nationals
71%
Atlanta Hawks
64%
Chicago Blackhawks
64%
Colorado Avalanche
64%
Columbus Blue Jackets
64%
Detroit Red Wings
64%
Detroit Tigers
64%
Houston Astros
64%
Houston Rockets
64%
Indianapolis Colts
64%
Los Angeles Angels
64%
Los Angeles Chargers
64%
Los Angeles Lakers
64%
Miami Marlins
64%
Montreal Canadiens
64%
New York Knicks
64%
Orlando Magic
64%
Ottawa Senators
64%
Philadelphia Phillies
64%
Pittsburgh Steelers
64%
San Antonio Spurs
64%
San Jose Sharks
64%
St. Louis Blues
64%
Tennessee Titans
64%
Toronto Blue Jays
64%
Vancouver Canucks
64%
Anaheim Ducks
57%
Arizona Coyotes
57%
Boston Bruins
57%
Carolina Hurricanes
57%
Charlotte Hornets
57%
Cleveland Guardians
57%
Colorado Rockies
57%
Dallas Mavericks
57%
Kansas City Royals
57%
Milwaukee Brewers
57%
Minnesota Timberwolves
57%
Minnesota Vikings
57%
New Orleans Pelicans
57%
Oklahoma City Thunder
57%
Philadelphia Flyers
57%
Portland Trail Blazers
57%
San Diego Padres
57%
Seattle Seahawks
57%
Tampa Bay Lightning
57%
Tampa Bay Rays
57%
Toronto Maple Leafs
57%
Toronto Raptors
57%
Utah Jazz
57%
Washington Capitals
57%
Buffalo Sabres
50%
Calgary Flames
50%
Edmonton Oilers
50%
Milwaukee Bucks
50%
Minnesota Twins
50%
Minnesota Wild
50%
Nashville Predators
50%
New Jersey Devils
50%
New York Islanders
50%
Phoenix Suns
50%
Seattle Mariners
50%
Vegas Golden Knights
50%
Chicago Fire
43%
Indiana Pacers
43%
LA Galaxy
43%
Los Angeles Clippers
43%
Atlanta United
29%
Austin FC
29%
FC Dallas
29%
Minnesota United
29%
New York Red Bulls
29%
Portland Timbers
29%
Real Salt Lake
29%
CF Montréal
21%
Charlotte FC
21%
Colorado Rapids
21%
Columbus Crew
21%
D.C. United
21%
Houston Dynamo
21%
Los Angeles FC
21%
New England Revolution
21%
New York City FC
21%
Orlando City SC
21%
Sporting Kansas City
21%
Toronto FC
21%
FC Cincinnati
14%
Inter Miami CF
14%
Nashville SC
14%
Philadelphia Union
14%
San Jose Earthquakes
14%
Seattle Sounders FC
14%
Vancouver Whitecaps FC
14%
St. Louis City SC
0%

Score Distribution

Percentile by Number Answered

Percent of People with Each Score

Your Score History

You have not taken this quiz